000
00258nam a2200109Ia 4500
008
191206s9999 xx 000 0 und d
020
_a
869226177
090
_a
PQ6287.G7119
245
0
_a
Mutambo Wepanyika
260
_a
Catholic Mission Press
260
_c
c1995
999
_c
16529
_d
16529